Представление документа в формате MARC21

Поле Инд. ПП Название Значение
Тип записи a
Библиографический уровень a
001 Контрольный номер 8908516aa85246318f7459a6f03c4a0e
005 Дата корректировки 20170302102211.2
020 a ISBN 5-02-010266-0
040 a Служба первич. каталог. НБ ТвГУ
b Код языка каталог. rus
e Правила каталог. PSBO
041 0_ a Код языка текста rus
097 b Оператор novikova
100 1_ a Автор Воронов Константин Валентинович
q Полное имя Воронов К. В.
245 10 a Заглавие Большая история малой страны
260 a Место издания Москва
b Издательство Наука
500 a Примечание Рец. на кн.: Даниельсен Р., Дюрвик С., Гренли Т., Хелле К., Ховланн Э. История Норвегии: От викингов до наших дней / пер. с англ. - М.: Весь мир, 2003. - 528 с.
500 a Примечание Рец. на кн.: Ристе У. История внешней политики Норвегии / пер. с англ. - М.: Весь мир, 2003. - 416 с.
504 a Библиография Библиогр.: с. 354-355 (7 назв.)
520 0_ a Аннотация В данной рецензии на коллективное учебное пособие по Истории Норвегии и монографию У. Ристе рассматривается история норвежского общества.
653 0_ a Ключевые слова Ристе Улав
a Ключевые слова История внешней политики Норвегии, монография У. Ристе
a Ключевые слова История Норвегии: От викингов до наших дней, коллективное учебное пособие
a Ключевые слова Норвегия, страна
773 18 w Контрольный № источника RU/IS/BASE/318428191
t Название источника Северная Европа
d Место и дата издания Москва : Наука, 2005
g Прочая информация Вып. 5. - С. 334-355
901 t Тип документа a
920 a Оператор Нови